000 01362cam a2200361 a 4500
001 15196446
003 ARRUPE
005 20150722020014.0
008 080227s2009 enk b 001 0 eng
010 _a 2008008366
020 _a9780415402767 (hardback : alk. paper)
020 _a041540276X (hardback : alk. paper)
020 _a9780415402750 (pbk. : alk. paper)
020 _a0415402751 (pbk. : alk. paper)
020 _a9780203888056 (ebook)
020 _a0203888057 (ebook)
020 _a9780203091067 (ebook)
020 _a020309106X (ebook)
035 _a(OCoLC)ocn213080086
040 _aDLC
_cDLC
_dYDX
_dBAKER
_dBTCTA
_dBWK
_dYDXCP
_dNLGGC
_dBWX
_dCDX
_dIXA
_dMBB
_dDLC
050 0 0 _aB2430.L484
_bH36 2009
100 1 _aHand, Seán.
_91236
245 1 0 _aEmmanuel Lévinas /
_cSeán Hand.
260 _aLondon ;
_aNew York :
_bRoutledge,
_c2009.
300 _axiv, 138 p. ;
_c20 cm.
440 0 _aRoutledge critical thinkers
_91237
504 _aIncludes bibliographical references (p. [122]-133) and index.
600 1 0 _aLévinas, Emmanuel.
_91238
856 4 1 _3Table of contents only
_uhttp://www.loc.gov/catdir/toc/ecip0812/2008008366.html
906 _a7
_bcbc
_corignew
_d1
_eecip
_f20
_gy-gencatlg
942 _2lcc
_cMONOGRAPH
_023
999 _c118038
_d118038